The Madison colloquium 1913 : I. On invariants and the theory of numbers /
Guardado en:
| Autor Corporativo: | |
|---|---|
| Otros Autores: | , |
| Formato: | Libro |
| Idioma: | English |
| Publicado: |
New York :
American Mathematical Society,
1914.
|
| Series: | Colloquium publications (American Mathematical Society) ;
v. 4. |
| Materias: | |
| Acceso en línea: | Internet Archive |
| Etiquetas: |
Agregar Etiqueta
Sin Etiquetas, Sea el primero en etiquetar este registro!
|
| LEADER | 01333cam a22002651a 4500 | ||
|---|---|---|---|
| 001 | MAT.inmabb006101 | ||
| 008 | 721226s1914####nyu###########100#0#eng## | ||
| 005 | 20130214161701.0 | ||
| 245 | 1 | 4 | |a The Madison colloquium 1913 : |b I. On invariants and the theory of numbers / |c by Leonard Eugene Dickson. II. Topics in the theory of functions of several complex variables, by William Fogg Osgood. |
| 260 | |a New York : |b American Mathematical Society, |c 1914. | ||
| 300 | |a 1 p.l., iii p., 1 h., iii, 230 p. ; |c 24 cm. | ||
| 490 | 1 | |a American Mathematical Society. Colloquium lectures ; |v v. 4 | |
| 530 | |a Disponible también como libro electrónico en Internet Archive. | ||
| 510 | 4 | |a MR, |c 34 #1273 |3 (de una reedición) | |
| 110 | 2 | |a American Mathematical Society. |b Colloquium |n (7th : |d 1913 : |c Madison) | |
| 700 | 1 | |a Dickson, Leonard E. |q (Leonard Eugene), |d 1874- | |
| 700 | 1 | |a Osgood, William F. |q (William Fogg), |d 1864-1943. |t Topics in the theory of functions of several complex variables. | |
| 830 | 0 | |a Colloquium publications (American Mathematical Society) ; |v v. 4. | |
| 650 | 0 | |a Number theory. | |
| 650 | 0 | |a Functions. | |
| 084 | |a 11 (32-01) |2 msc2000 | ||
| 010 | |a 14011712 | ||
| 040 | |a DLC |c ODaWU |d OCoLC |d DLC | ||
| 856 | 4 | 1 | |u http://www.archive.org/details/cu31924001450638 |y Internet Archive |
| 859 | |h 11 |i M182 |p A-5403 |b BIB. MATEMATICA | ||
